[Event "DVM U16 2008"]
[Site "Bingen GER"]
[Date "2008.12.29"]
[Round "5"]
[White "Borgmeyer, Max"]
[Black "Zelbel, Patrick"]
[Result "0-1"]
[Termination "normal"]
[Board "1.1"]
[WhiteElo "2069"]
[BlackElo "2246"]
[WhiteTeam "Koenigsspr. SC von 1984"]
[BlackTeam "SF Brackel 1930"]
[PlyCount "62"]
[WhiteFideId "24615870"]
[BlackFideId "24624322"]
[EventCountry "GER"]
[EventRounds "7"]
[EventType "team-swiss"]
[EventDate "2008.12.26"]

1. e4 c5 2. Nc3 d6 3. f4 Nc6 4. Nf3 g6 5. Bb5 Bd7 6. O-O Bg7 7. d3 Nh6 8. Kh1
a6 9. Bxc6 Bxc6 10. Qe1 f5 11. Bd2 b5 12. Nd1 b4 13. Ng5 Qd7 14. a3 bxa3 15.
Rxa3 O-O 16. Bc3 e5 17. fxe5 dxe5 18. Nf3 Qe7 19. exf5 Rxf5 20. Ne3 Rf4 21. Nc4
e4 22. Nfe5 Rxf1+ 23. Qxf1 Rf8 24. Qg1 Bb5 25. Ra1 Bxc4 26. Nxc4 Bxc3 27. bxc3
Ng4 28. Qe1 e3 29. Qe2 Rf2 30. Qe1 Qc7 31. Qg1 Rxc2 0-1

[Event "DVM U16 2008"]
[Site "Bingen GER"]
[Date "2008.12.29"]
[Round "5"]
[White "Kartsev, Alexandr"]
[Black "Lock, Adrian"]
[Result "1/2-1/2"]
[Termination "normal"]
[Board "1.2"]
[WhiteElo "2084"]
[BlackElo "1981"]
[WhiteTeam "SF Brackel 1930"]
[BlackTeam "Koenigsspr. SC von 1984"]
[PlyCount "84"]
[WhiteFideId "24647110"]
[BlackFideId "24651290"]
[EventCountry "GER"]
[EventRounds "7"]
[EventType "team-swiss"]
[EventDate "2008.12.26"]

1. d4 Nf6 2. Bg5 e6 3. Nf3 h6 4. Bh4 g5 5. Bg3 Ne4 6. Nbd2 Nxg3 7. hxg3 Bg7 8.
e3 d6 9. Bd3 Nd7 10. c3 Qe7 11. Qb3 a6 12. O-O-O b5 13. Qa3 Bb7 14. Nb3 Rb8 15.
Na5 Ba8 16. e4 c5 17. Bc2 Rb6 18. c4 g4 19. dxc5 Nxc5 20. Nd2 b4 21. Qe3 Qf6
22. e5 Qxe5 23. Qxe5 Bxe5 24. Rh2 Ke7 25. Nf1 f5 26. Ne3 Ne4 27. Bxe4 Bxe4 28.
Rdh1 Bg7 29. Re1 Kf7 30. Nxg4 Bxg2 31. Rxg2 fxg4 32. Re4 h5 33. f3 gxf3 34. Rf2
Be5 35. Rxf3+ Ke7 36. Kb1 Rg8 37. c5 Rb5 38. Nc6+ Kd7 39. Nxe5+ dxe5 40. Rxe5
Rg6 41. Rxh5 Kc6 42. Rf8 Rxg3 1/2-1/2

[Event "DVM U16 2008"]
[Site "Bingen GER"]
[Date "2008.12.29"]
[Round "5"]
[White "Streich, Justus"]
[Black "Strathoff, Jens"]
[Result "0-1"]
[Termination "normal"]
[Board "1.3"]
[WhiteElo "1725"]
[BlackElo "2020"]
[WhiteTeam "Koenigsspr. SC von 1984"]
[BlackTeam "SF Brackel 1930"]
[PlyCount "50"]
[WhiteFideId "24697168"]
[BlackFideId "4699084"]
[EventCountry "GER"]
[EventRounds "7"]
[EventType "team-swiss"]
[EventDate "2008.12.26"]

1. e4 e5 2. Nc3 Nf6 3. f4 d5 4. fxe5 Nxe4 5. Nf3 Nc6 6. Qe2 Nxc3 7. bxc3 Be7 8.
d4 O-O 9. Qf2 f6 10. exf6 Bxf6 11. Be3 Qe7 12. Kd2 Bf5 13. Re1 Qa3 14. Bd3 Bxd3
15. Kxd3 Nb4+ 16. Kd2 Nxa2 17. Ke2 Qa6+ 18. Kd2 Qc4 19. Qg3 Nxc3 20. Qg4 Ne4+
21. Kc1 Rae8 22. h4 Qc3 23. Kb1 Qb4+ 24. Kc1 Qa3+ 25. Kd1 Qxe3 0-1

[Event "DVM U16 2008"]
[Site "Bingen GER"]
[Date "2008.12.29"]
[Round "5"]
[White "Haidar, Marcel"]
[Black "Akram, Shumon"]
[Result "1/2-1/2"]
[Termination "normal"]
[Board "1.4"]
[WhiteElo "1759"]
[BlackElo "1515"]
[WhiteTeam "SF Brackel 1930"]
[BlackTeam "Koenigsspr. SC von 1984"]
[PlyCount "92"]
[BlackFideId "24697184"]
[EventCountry "GER"]
[EventRounds "7"]
[EventType "team-swiss"]
[EventDate "2008.12.26"]

1. e4 Nf6 2. e5 Nd5 3. c4 Nb6 4. d4 d6 5. f4 dxe5 6. fxe5 Nc6 7. Be3 Bf5 8. a3
e6 9. Nf3 Bg4 10. Nbd2 Be7 11. Be2 Bh4+ 12. g3 Be7 13. h3 Bh5 14. b4 a6 15. O-O
O-O 16. Nb3 f6 17. g4 Bg6 18. Nc5 Bxc5 19. dxc5 Nd7 20. exf6 Nxf6 21. Nd2 Bd3
22. g5 Bxe2 23. Qxe2 Nd7 24. Rxf8+ Qxf8 25. Rf1 Qe7 26. Nf3 Rf8 27. h4 Nde5 28.
Nxe5 Rxf1+ 29. Qxf1 Nxe5 30. Bf4 Ng6 31. Bg3 Qd7 32. Qe2 Qe7 33. Qe4 c6 34. Kg2
Qd7 35. Bd6 Qf7 36. h5 Ne7 37. Bxe7 Qxe7 38. Qe5 Qd7 39. Qd6 Qe8 40. Qc7 Qxh5
41. Qc8+ Kf7 42. Qxb7+ Kg6 43. Qxc6 Qxg5+ 44. Kh2 Qh4+ 45. Kg2 Qxc4 46. Qe8+
Kh6 1/2-1/2

[Event "DVM U16 2008"]
[Site "Bingen GER"]
[Date "2008.12.29"]
[Round "5"]
[White "Geske, Julian"]
[Black "Kordts, Florian"]
[Result "1-0"]
[Termination "normal"]
[Board "2.1"]
[WhiteElo "2229"]
[BlackElo "1925"]
[WhiteTeam "SV 1920 Hofheim"]
[BlackTeam "SC Postbauer-Heng"]
[PlyCount "127"]
[WhiteFideId "24605263"]
[BlackFideId "24626856"]
[EventCountry "GER"]
[EventRounds "7"]
[EventType "team-swiss"]
[EventDate "2008.12.26"]

1. e4 c5 2. Nf3 Nc6 3. d4 cxd4 4. Nxd4 g6 5. Nc3 Bg7 6. Be3 Nf6 7. Bc4 Qa5 8.
O-O O-O 9. Bb3 d6 10. h3 Bd7 11. Re1 Rac8 12. Nd5 Rfe8 13. Bd2 Qc5 14. Nf3 Nxd5
15. exd5 Na5 16. Be3 Qc7 17. c3 Nxb3 18. axb3 a6 19. Bd4 Bxd4 20. Qxd4 Qc5 21.
Qd2 Kg7 22. Re4 h5 23. Rae1 e5 24. dxe6 Rxe6 25. b4 Qb6 26. Rxe6 Bxe6 27. Rd1
d5 28. Re1 Re8 29. Nd4 Qd8 30. Re5 Bc8 31. Qe3 Rxe5 32. Qxe5+ f6 33. Qe3 Qd6
34. Kf1 Qe5 35. Ke2 Qxe3+ 36. Kxe3 Kf7 37. h4 Ke7 38. Ne2 g5 39. Kd4 Kd6 40.
Ng3 gxh4 41. Nxh5 h3 42. gxh3 Bxh3 43. Nxf6 Bg2 44. Nh5 Bf3 45. Nf4 Kc6 46. Nd3
Bd1 47. f4 b6 48. f5 Kd6 49. Nf4 Bb3 50. f6 a5 51. f7 Ke7 52. Nxd5+ Kxf7 53. b5
Ke6 54. Nxb6 Bd1 55. Kc5 Ke7 56. Nc4 a4 57. b6 Kd8 58. Na5 Kc8 59. Kb5 Kb8 60.
c4 Ka8 61. Ka6 Bf3 62. b7+ Kb8 63. Kb6 a3 64. bxa3 1-0

[Event "DVM U16 2008"]
[Site "Bingen GER"]
[Date "2008.12.29"]
[Round "5"]
[White "Grimm, Pascal"]
[Black "Hartmann, Nicolas"]
[Result "1-0"]
[Termination "normal"]
[Board "2.2"]
[WhiteElo "1877"]
[BlackElo "2011"]
[WhiteTeam "SC Postbauer-Heng"]
[BlackTeam "SV 1920 Hofheim"]
[PlyCount "77"]
[WhiteFideId "24620122"]
[BlackFideId "24626481"]
[EventCountry "GER"]
[EventRounds "7"]
[EventType "team-swiss"]
[EventDate "2008.12.26"]

1. b3 d5 2. Bb2 c5 3. e3 Nf6 4. Nf3 a6 5. Be2 Bf5 6. d4 e6 7. O-O Bd6 8. Nbd2
Nc6 9. dxc5 Bxc5 10. Nd4 Bg6 11. N2f3 O-O 12. Nxc6 bxc6 13. Ne5 Qc7 14. Nxg6
hxg6 15. c4 Bd6 16. h3 Qe7 17. Rc1 Bc7 18. Bf3 Qd6 19. g3 Rac8 20. Qe2 a5 21.
Rfd1 Qe7 22. Rd2 Rb8 23. Rcd1 a4 24. e4 dxc4 25. Qxc4 axb3 26. axb3 e5 27. Qa4
Qe6 28. b4 Ra8 29. Qc2 Rfb8 30. Qc5 Rb5 31. Qc3 Rab8 32. Ba3 c5 33. Rd3 cxb4
34. Qxc7 bxa3 35. Rxa3 Rb3 36. Rd3 Rxd3 37. Qxb8+ Kh7 38. Rxd3 Qc4 39. Qd6 1-0

[Event "DVM U16 2008"]
[Site "Bingen GER"]
[Date "2008.12.29"]
[Round "5"]
[White "Ackermann, Johannes"]
[Black "Riexinger, Martin"]
[Result "1/2-1/2"]
[Termination "normal"]
[Board "2.3"]
[WhiteElo "1936"]
[BlackElo "1792"]
[WhiteTeam "SV 1920 Hofheim"]
[BlackTeam "SC Postbauer-Heng"]
[PlyCount "96"]
[WhiteFideId "24663875"]
[BlackFideId "24674320"]
[EventCountry "GER"]
[EventRounds "7"]
[EventType "team-swiss"]
[EventDate "2008.12.26"]

1. e4 d6 2. d4 g6 3. Nc3 Bg7 4. Be3 Nf6 5. Qd2 c6 6. f3 b5 7. g4 h5 8. g5 Nfd7
9. f4 Qa5 10. Bd3 Bb7 11. Nf3 b4 12. Ne2 c5 13. Nc1 Qc7 14. c3 a5 15. O-O Na6
16. Nh4 bxc3 17. bxc3 cxd4 18. Bxd4 Bxd4+ 19. cxd4 Qb6 20. Ne2 Nb4 21. Bb1 Ba6
22. Rf2 Rb8 23. a3 Nc6 24. d5 Na7 25. Qd4 Rg8 26. Bc2 Bxe2 27. Qxb6 Rxb6 28.
Rxe2 Nb5 29. Nf3 Kf8 30. a4 Nc7 31. Nd4 Nb8 32. Rb1 Rxb1+ 33. Bxb1 Kg7 34. Rb2
Rc8 35. Bd3 Nba6 36. Nc6 Nc5 37. Bc2 Kf8 38. Kf2 Ra8 39. Ke3 Ke8 40. Rb8+ Rxb8
41. Nxb8 Na8 42. Kd4 Nb6 43. Nc6 Ncxa4 44. Nxa5 Nc5 45. Nc4 Nc8 46. h4 Na7 47.
Na3 Kd8 48. e5 Nc8 1/2-1/2

[Event "DVM U16 2008"]
[Site "Bingen GER"]
[Date "2008.12.29"]
[Round "5"]
[White "Riexinger, Andreas"]
[Black "Sohl, Thies"]
[Result "0-1"]
[Termination "normal"]
[Board "2.4"]
[WhiteElo "1716"]
[BlackElo "1703"]
[WhiteTeam "SC Postbauer-Heng"]
[BlackTeam "SV 1920 Hofheim"]
[PlyCount "50"]
[WhiteFideId "24652113"]
[EventCountry "GER"]
[EventRounds "7"]
[EventType "team-swiss"]
[EventDate "2008.12.26"]

1. d4 d5 2. c4 c6 3. Nc3 dxc4 4. d5 Nf6 5. e4 e6 6. Bg5 Bb4 7. Qa4 Bxc3+ 8.
bxc3 exd5 9. O-O-O O-O 10. exd5 b5 11. Qb4 a5 12. Qb2 cxd5 13. Qxb5 Bd7 14.
Qxd5 Nxd5 15. Bxd8 Be6 16. Bh4 Nxc3 17. Rd2 Nc6 18. Rc2 Nb4 19. Rxc3 Nxa2+ 20.
Kc2 Nxc3 21. Kxc3 Rfb8 22. Bg3 Rb3+ 23. Kc2 Bf5+ 24. Kd2 Rd8+ 25. Ke2 Bd3+ 0-1

[Event "DVM U16 2008"]
[Site "Bingen GER"]
[Date "2008.12.29"]
[Round "5"]
[White "Marx, Joschka"]
[Black "Schulz, Anja"]
[Result "1-0"]
[Termination "normal"]
[Board "3.1"]
[WhiteElo "1978"]
[BlackElo "1954"]
[WhiteTeam "Segeberger Schachfreunde"]
[BlackTeam "SV Muldental Wilkau-Haßlau"]
[PlyCount "57"]
[WhiteFideId "24645869"]
[BlackFideId "24647845"]
[EventCountry "GER"]
[EventRounds "7"]
[EventType "team-swiss"]
[EventDate "2008.12.26"]

1. e4 c5 2. Nf3 d6 3. d3 g6 4. g3 Bg7 5. Bg2 Nc6 6. c3 e6 7. O-O Nge7 8. Nbd2
O-O 9. Re1 Rb8 10. a4 b6 11. Nf1 h6 12. h3 Bb7 13. Ne3 Qd7 14. h4 a6 15. Ng4 h5
16. Ne3 d5 17. exd5 exd5 18. Qc2 Ba8 19. Nf1 d4 20. Bf4 Rbd8 21. c4 Nb4 22. Qd2
Nec6 23. Re2 Rfe8 24. Rae1 Rxe2 25. Qxe2 Kf8 26. N1d2 Bb7 27. Ng5 Ra8 28. Bh3
Qd8 29. Nxf7 1-0

[Event "DVM U16 2008"]
[Site "Bingen GER"]
[Date "2008.12.29"]
[Round "5"]
[White "Völz, Michael"]
[Black "Schwarzat, Julian"]
[Result "1/2-1/2"]
[Termination "normal"]
[Board "3.2"]
[WhiteElo "1785"]
[BlackElo "2009"]
[WhiteTeam "SV Muldental Wilkau-Haßlau"]
[BlackTeam "Segeberger Schachfreunde"]
[PlyCount "36"]
[WhiteFideId "24640107"]
[BlackFideId "24675857"]
[EventCountry "GER"]
[EventRounds "7"]
[EventType "team-swiss"]
[EventDate "2008.12.26"]

1. e4 e6 2. d4 d5 3. exd5 exd5 4. Bd3 Bd6 5. Nf3 Ne7 6. Bg5 f6 7. Bh4 Bf5 8.
Bg3 c6 9. c3 Qc7 10. Qc2 Bxd3 11. Qxd3 Ng6 12. Bxd6 Qxd6 13. O-O Nd7 14. Re1+
Kf7 15. Qf5 Rhe8 16. Nbd2 Kg8 17. c4 Ndf8 18. cxd5 Qxd5 1/2-1/2

[Event "DVM U16 2008"]
[Site "Bingen GER"]
[Date "2008.12.29"]
[Round "5"]
[White "Huhnstock, Rico"]
[Black "Schuffenhauer, Robert"]
[Result "1-0"]
[Termination "normal"]
[Board "3.3"]
[WhiteElo "1886"]
[BlackElo "1633"]
[WhiteTeam "Segeberger Schachfreunde"]
[BlackTeam "SV Muldental Wilkau-Haßlau"]
[PlyCount "59"]
[WhiteFideId "24642932"]
[BlackFideId "1270108"]
[EventCountry "GER"]
[EventRounds "7"]
[EventType "team-swiss"]
[EventDate "2008.12.26"]

1. e4 c5 2. Nf3 e6 3. b3 Ne7 4. Bb2 a6 5. d4 cxd4 6. Nxd4 Nbc6 7. Be2 Nxd4 8.
Bxd4 Nc6 9. Bb2 Bc5 10. O-O O-O 11. c4 b6 12. a3 Qc7 13. Qd2 Bb7 14. b4 Be7 15.
Nc3 Bf6 16. f4 Nd4 17. Bd1 Nc6 18. e5 Be7 19. Bf3 f6 20. Nd5 exd5 21. cxd5 fxe5
22. dxc6 Bxc6 23. Bxe5 d6 24. Rac1 dxe5 25. Bxc6 Bc5+ 26. Rxc5 bxc5 27. Bxa8
cxb4 28. Bd5+ Kh8 29. Qxb4 Qb8 30. fxe5 1-0

[Event "DVM U16 2008"]
[Site "Bingen GER"]
[Date "2008.12.29"]
[Round "5"]
[White "Sonnhalter, Stella"]
[Black "Doberitz, Paul"]
[Result "0-1"]
[Termination "normal"]
[Board "4.1"]
[WhiteElo "1623"]
[BlackElo "2104"]
[WhiteTeam "SC Réti Heusweiler"]
[BlackTeam "SC Leipzig-Gohlis"]
[PlyCount "78"]
[WhiteFideId "4624815"]
[BlackFideId "24646130"]
[EventCountry "GER"]
[EventRounds "7"]
[EventType "team-swiss"]
[EventDate "2008.12.26"]

1. e4 c5 2. Nc3 Nc6 3. f4 g6 4. Nf3 Bg7 5. Bc4 e6 6. d3 Nge7 7. O-O O-O 8. Qe1
Nd4 9. f5 Nxc2 10. Qh4 f6 11. Rb1 gxf5 12. Bh6 Qe8 13. Bb3 Nd4 14. Nxd4 cxd4
15. Nb5 Qg6 16. Bxg7 Kxg7 17. Rf3 Qh6 18. Rg3+ Ng6 19. Qxh6+ Kxh6 20. exf5 Nf4
21. Rf3 e5 22. Nxd4 d6 23. Nb5 Bxf5 24. Rd1 Bg4 25. Rdf1 Bxf3 26. Rxf3 Rad8 27.
Nxa7 Ne2+ 28. Kf2 Nd4 29. Rh3+ Kg6 30. Rg3+ Kf5 31. Rg7 Ra8 32. Rxb7 Nxb3 33.
axb3 Rfb8 34. Rxh7 Rxb3 35. Rd7 Ke6 36. Rc7 Rxd3 37. b4 Ra3 38. Nc6 Rb3 39. Rb7
Ra2+ 0-1

[Event "DVM U16 2008"]
[Site "Bingen GER"]
[Date "2008.12.29"]
[Round "5"]
[White "Meißner, Felix"]
[Black "Meiser, Michael"]
[Result "1-0"]
[Termination "normal"]
[Board "4.2"]
[WhiteElo "2125"]
[BlackElo "1568"]
[WhiteTeam "SC Leipzig-Gohlis"]
[BlackTeam "SC Réti Heusweiler"]
[PlyCount "125"]
[WhiteFideId "24671827"]
[BlackFideId "24659762"]
[EventCountry "GER"]
[EventRounds "7"]
[EventType "team-swiss"]
[EventDate "2008.12.26"]

1. e4 c5 2. Nf3 Nc6 3. d4 cxd4 4. Nxd4 g6 5. c4 Bg7 6. Nc2 Nf6 7. Nc3 O-O 8.
Be2 d6 9. O-O a6 10. Be3 b6 11. f3 Qc7 12. Qd2 Bb7 13. Rac1 e6 14. Rfd1 Rfd8
15. Qe1 Rab8 16. b4 Ne7 17. Na4 Bc6 18. b5 Be8 19. Nb4 axb5 20. Na6 Qa7 21.
cxb5 Rb7 22. Qf2 Nc8 23. Qh4 h6 24. Bxh6 Bxh6 25. Qxh6 Ne7 26. Qf4 Nh5 27. Qh4
d5 28. exd5 Rxd5 29. Rxd5 Nxd5 30. Qd8 Ng7 31. Rc8 Rd7 32. Qg5 Ne7 33. Rb8 Nd5
34. Qc1 Nc7 35. Rc8 Nd5 36. Nb2 Kh7 37. a4 Re7 38. Nd3 Nf5 39. Ne5 Nd6 40. Rc2
f6 41. Nc6 Bxc6 42. Rxc6 Nf5 43. Bc4 Nd4 44. Rd6 Nf5 45. Rd8 Nfe3 46. Bxd5 Nxd5
47. Qc8 Kh6 48. Rh8+ Kg5 49. Qc4 Rh7 50. h4+ Kh6 51. Rg8 Rg7 52. Rc8 Qd7 53.
Nb8 Qd6 54. Rh8+ Rh7 55. Qc8 Nf4 56. Rxh7+ Kxh7 57. Qd7+ Qxd7 58. Nxd7 Nd5 59.
Nf8+ Kg8 60. Nxe6 Nc3 61. a5 Nxb5 62. axb6 Nd6 63. Nc5 1-0

[Event "DVM U16 2008"]
[Site "Bingen GER"]
[Date "2008.12.29"]
[Round "5"]
[White "Wilhelm, Robin"]
[Black "Pantusenko, Valeria"]
[Result "0-1"]
[Termination "normal"]
[Board "4.3"]
[WhiteElo "1651"]
[BlackElo "1704"]
[WhiteTeam "SC Réti Heusweiler"]
[BlackTeam "SC Leipzig-Gohlis"]
[PlyCount "82"]
[WhiteFideId "4659627"]
[BlackFideId "4662920"]
[EventCountry "GER"]
[EventRounds "7"]
[EventType "team-swiss"]
[EventDate "2008.12.26"]

1. e4 e5 2. Nf3 Nc6 3. Bc4 Nf6 4. d3 Be7 5. c3 O-O 6. Bb3 d5 7. Nbd2 dxe4 8.
dxe4 b5 9. a3 Bb7 10. O-O Nd7 11. Re1 Nc5 12. Bc2 Nd3 13. Bxd3 Qxd3 14. Nf1
Rad8 15. Qxd3 Rxd3 16. Ng3 Rfd8 17. Be3 a6 18. Nf5 Bf6 19. Bc5 R8d7 20. Bb4
Nxb4 21. axb4 Kf8 22. Ng3 g6 23. h4 Kg7 24. Nf1 R7d6 25. Ng3 Kg8 26. Rec1 Rc6
27. h5 Bg7 28. hxg6 hxg6 29. Rd1 Rcd6 30. Rdb1 f6 31. Ne1 Rd2 32. Nf1 Re2 33.
f3 Bh6 34. Ng3 Be3+ 35. Kh1 Rf2 36. Kh2 Bf4 37. Kh3 Bc8+ 38. Kh2 Rd7 39. Kg1
Bxg3 40. Rd1 Rfd2 41. Rxd2 Rxd2 0-1

[Event "DVM U16 2008"]
[Site "Bingen GER"]
[Date "2008.12.29"]
[Round "5"]
[White "Ohme, Markus"]
[Black "Wilhelm, Kevin"]
[Result "0-1"]
[Termination "normal"]
[Board "4.4"]
[WhiteElo "1366"]
[BlackElo "1303"]
[WhiteTeam "SC Leipzig-Gohlis"]
[BlackTeam "SC Réti Heusweiler"]
[PlyCount "62"]
[EventCountry "GER"]
[EventRounds "7"]
[EventType "team-swiss"]
[EventDate "2008.12.26"]

1. e4 e6 2. d4 d5 3. e5 c5 4. c3 Nc6 5. Nf3 Qb6 6. b3 Nge7 7. Bb2 Nf5 8. Be2
cxd4 9. cxd4 Bb4+ 10. Kf1 O-O 11. g3 f6 12. exf6 Rxf6 13. Kg2 Bd7 14. Qd3 Raf8
15. Rf1 Be8 16. Na3 Bh5 17. Nc2 Bxf3+ 18. Bxf3 Nh4+ 19. gxh4 Rxf3 20. Qe2 R3f6
21. Rad1 Bd6 22. Kh1 Qd8 23. Bc1 h6 24. h5 Rf5 25. Qxe6+ Kh8 26. Bxh6 R8f6 27.
Bxg7+ Kxg7 28. Rg1+ Kh8 29. Qe3 Qe7 30. Qh3 Qe4+ 31. Qg2 Rxf2 0-1

[Event "DVM U16 2008"]
[Site "Bingen GER"]
[Date "2008.12.29"]
[Round "5"]
[White "Früchel, Marcel"]
[Black "Karpa, Adrian"]
[Result "1/2-1/2"]
[Termination "normal"]
[Board "5.2"]
[WhiteElo "1857"]
[BlackElo "1627"]
[WhiteTeam "Schachfreunde Deizisau"]
[BlackTeam "SK Landau"]
[PlyCount "50"]
[WhiteFideId "24667218"]
[BlackFideId "1270608"]
[EventCountry "GER"]
[EventRounds "7"]
[EventType "team-swiss"]
[EventDate "2008.12.26"]

1. d4 Nf6 2. c4 g6 3. Nf3 Bg7 4. Nc3 O-O 5. e4 d6 6. h3 e5 7. d5 h6 8. Be3 Ne8
9. Qd2 Kh7 10. g3 f5 11. Bg2 Nd7 12. exf5 gxf5 13. Ng1 e4 14. h4 Ne5 15. Bf1 c5
16. Be2 Nc7 17. Nh3 a6 18. a4 a5 19. Nf4 Na6 20. Nh5 Nb4 21. O-O-O Qe7 22. Nxg7
Qxg7 23. Kb1 Ned3 24. Bxd3 Nxd3 25. Bf4 Ne5 1/2-1/2

[Event "DVM U16 2008"]
[Site "Bingen GER"]
[Date "2008.12.29"]
[Round "5"]
[White "Louis, Malte"]
[Black "Rempeli, Alex"]
[Result "0-1"]
[Termination "normal"]
[Board "5.3"]
[WhiteElo "1549"]
[BlackElo "1768"]
[WhiteTeam "SK Landau"]
[BlackTeam "Schachfreunde Deizisau"]
[PlyCount "51"]
[WhiteFideId "1270609"]
[BlackFideId "24645931"]
[EventCountry "GER"]
[EventRounds "7"]
[EventType "team-swiss"]
[EventDate "2008.12.26"]

1. e4 e6 2. d4 d5 3. exd5 exd5 4. Bd3 Bd6 5. Nf3 Bg4 6. Be3 c6 7. Nbd2 Ne7 8.
h3 Bf5 9. Nb3 Nd7 10. O-O h6 11. Re1 g6 12. Qd2 Qc7 13. Bxf5 gxf5 14. g3 O-O-O
15. Ne5 Bxe5 16. dxe5 Nxe5 17. Qe2 N7g6 18. Bxa7 f4 19. Bd4 Rde8 20. Bxe5 Nxe5
21. Qh5 fxg3 22. fxg3 Rhg8 23. Kf2 Nd3+ 24. Kf1 Nxe1 25. Qf5+ Kb8 26. Nc5 0-1

[Event "DVM U16 2008"]
[Site "Bingen GER"]
[Date "2008.12.29"]
[Round "5"]
[White "Winkler, Tim"]
[Black "Schmidt, Justus"]
[Result "1-0"]
[Termination "normal"]
[Board "5.4"]
[WhiteElo "1543"]
[BlackElo "1424"]
[WhiteTeam "Schachfreunde Deizisau"]
[BlackTeam "SK Landau"]
[PlyCount "114"]
[WhiteFideId "24654515"]
[BlackFideId "1270610"]
[EventCountry "GER"]
[EventRounds "7"]
[EventType "team-swiss"]
[EventDate "2008.12.26"]

1. e4 c5 2. Bc4 Nc6 3. Nc3 e6 4. d3 a6 5. a3 d6 6. Nf3 Nf6 7. Bg5 Be7 8. O-O
O-O 9. Re1 Nd7 10. Bxe7 Qxe7 11. d4 cxd4 12. Nxd4 Nde5 13. Nxc6 Nxc6 14. Qd2
Rd8 15. Rad1 Qc7 16. Qf4 e5 17. Qg3 Be6 18. Nd5 Bxd5 19. Bxd5 Ne7 20. Bb3 b5
21. Re3 Ng6 22. Qg4 Qd7 23. Qxd7 Rxd7 24. Red3 Rad8 25. g3 Kf8 26. c4 Ke7 27.
cxb5 axb5 28. Bd5 Rb8 29. Rb3 Ra7 30. Bc6 Nf8 31. Rxb5 Rxb5 32. Bxb5 Ne6 33.
Bc4 Rb7 34. Bxe6 Kxe6 35. Rd2 g6 36. Kf1 f5 37. f3 Kd7 38. b4 Ra7 39. Rd3 Kc6
40. Rc3+ Kb6 41. Ke2 h5 42. Kd3 Rf7 43. h3 h4 44. g4 fxg4 45. fxg4 Rf4 46. Ke3
Rf1 47. Kd3 Rd1+ 48. Ke3 Re1+ 49. Kf3 Rd1 50. Ke2 Rd4 51. Ke3 Rd1 52. Rd3 Rxd3+
53. Kxd3 Kc6 54. a4 Kb6 55. Kc4 Kc6 56. b5+ Kc7 57. Kd5 Kd7 1-0

[Event "DVM U16 2008"]
[Site "Bingen GER"]
[Date "2008.12.29"]
[Round "5"]
[White "Schulz, Jens"]
[Black "Oltmanns, Ingmar"]
[Result "1-0"]
[Termination "normal"]
[Board "6.1"]
[WhiteElo "2085"]
[BlackElo "1929"]
[WhiteTeam "Schachklub Nordhorn-Blanke"]
[BlackTeam "USG Chemnitz"]
[PlyCount "45"]
[WhiteFideId "24675687"]
[BlackFideId "4613910"]
[EventCountry "GER"]
[EventRounds "7"]
[EventType "team-swiss"]
[EventDate "2008.12.26"]

1. e4 c6 2. d4 d5 3. e5 Bf5 4. Nf3 e6 5. Be2 c5 6. Be3 Nc6 7. dxc5 Qc7 8. c3
Nge7 9. Qa4 Ng6 10. Bb5 Ngxe5 11. Nxe5 Qxe5 12. Bxc6+ Kd8 13. Qa5+ Qc7 14.
Qxc7+ Kxc7 15. Bb5 e5 16. O-O a6 17. Be2 Rd8 18. Nd2 d4 19. cxd4 exd4 20. Bf4+
Kc8 21. Bf3 Be7 22. Nc4 Bxc5 23. Rac1 1-0

[Event "DVM U16 2008"]
[Site "Bingen GER"]
[Date "2008.12.29"]
[Round "5"]
[White "Nguyen Minh, Thuy"]
[Black "Bor, Tobias"]
[Result "1-0"]
[Termination "normal"]
[Board "6.2"]
[WhiteElo "1867"]
[BlackElo "1978"]
[WhiteTeam "USG Chemnitz"]
[BlackTeam "Schachklub Nordhorn-Blanke"]
[PlyCount "121"]
[WhiteFideId "24672688"]
[BlackFideId "24665398"]
[EventCountry "GER"]
[EventRounds "7"]
[EventType "team-swiss"]
[EventDate "2008.12.26"]

1. e4 e5 2. Nf3 Nc6 3. Bc4 Bc5 4. d3 d6 5. c3 Nf6 6. O-O a6 7. Bb3 O-O 8. Re1
Bg4 9. Nbd2 Ne7 10. Nf1 Ng6 11. h3 Be6 12. Bc2 Ba7 13. d4 c6 14. Qe2 Qc7 15.
Bg5 Nh5 16. Qd2 Nhf4 17. Ne3 f6 18. Bxf4 Nxf4 19. d5 Bd7 20. dxc6 Bxc6 21. Rad1
Rad8 22. Kh2 Kh8 23. g3 Ne6 24. c4 b5 25. cxb5 axb5 26. Kg2 Bxe3 27. Qxe3 d5
28. exd5 Bxd5 29. Rxd5 Qxc2 30. Rxb5 Rd3 31. Qe4 Rfd8 32. Re3 Qd1 33. Rxd3 Qxd3
34. Qxd3 Rxd3 35. Rb8+ Rd8 36. Rxd8+ Nxd8 37. Nd2 Nc6 38. a3 Kg8 39. Kf3 f5 40.
Ke3 Kf7 41. b4 Nd4 42. Kd3 Ke6 43. Kc4 Kd6 44. b5 g5 45. a4 h5 46. Kb4 e4 47.
Ka5 Kd5 48. Ka6 f4 49. Nf1 Kc5 50. b6 Nc6 51. b7 Kb4 52. a5 Kc5 53. gxf4 gxf4
54. h4 Nb8+ 55. Ka7 Nc6+ 56. Ka8 Kb5 57. b8=Q+ Nxb8 58. Kxb8 Kxa5 59. Kc7 Kb4
60. Kd6 Kc4 61. Ke5 1-0

[Event "DVM U16 2008"]
[Site "Bingen GER"]
[Date "2008.12.29"]
[Round "5"]
[White "Hurink, Maarten"]
[Black "Schätz, Annika"]
[Result "0-1"]
[Termination "normal"]
[Board "6.3"]
[WhiteElo "1917"]
[BlackElo "1715"]
[WhiteTeam "Schachklub Nordhorn-Blanke"]
[BlackTeam "USG Chemnitz"]
[PlyCount "113"]
[WhiteFideId "24669156"]
[BlackFideId "24674796"]
[EventCountry "GER"]
[EventRounds "7"]
[EventType "team-swiss"]
[EventDate "2008.12.26"]

1. Nf3 Nf6 2. d4 g6 3. Bg5 Bg7 4. Nbd2 d6 5. e4 O-O 6. Bd3 Nbd7 7. O-O c5 8. c3
Rb8 9. Re1 b5 10. e5 dxe5 11. dxe5 Ng4 12. e6 Nde5 13. Nxe5 Nxe5 14. exf7+ Rxf7
15. Be2 Bf5 16. Nf3 Qc7 17. h3 Be4 18. Nxe5 Bxe5 19. Bg4 Bf5 20. Bxf5 gxf5 21.
Qe2 Bd6 22. Qe6 Rb6 23. Qd5 Qc6 24. Rad1 Qxd5 25. Rxd5 Kg7 26. Kf1 Kg6 27. Be3
e6 28. Rd3 f4 29. Bc1 e5 30. Red1 Rf6 31. f3 h5 32. b3 Kf5 33. Bb2 c4 34. bxc4
bxc4 35. R3d2 Kg5 36. Bc1 Kh4 37. Rd5 Kg5 38. Ke1 Kg6 39. R1d2 Rb1 40. Kd1 Rb6
41. Ra5 a6 42. Rb2 Rc6 43. Ke2 Kf5 44. Rb7 Bc7 45. Rd5 Ke6 46. Rd2 Rg6 47. Kf1
Ba5 48. Bb2 Rd6 49. Rxd6+ Kxd6 50. Rh7 Kd5 51. Rxh5 Rb6 52. Ba3 Bxc3 53. Rh7
Rb1+ 54. Ke2 Rg1 55. Ra7 Ra1 56. Bf8 Rxa2+ 57. Kf1 0-1

[Event "DVM U16 2008"]
[Site "Bingen GER"]
[Date "2008.12.29"]
[Round "5"]
[White "Jentzsch, Jakob"]
[Black "Baisakow, Christine"]
[Result "1-0"]
[Termination "normal"]
[Board "6.4"]
[WhiteElo "1528"]
[BlackElo "1406"]
[WhiteTeam "USG Chemnitz"]
[BlackTeam "Schachklub Nordhorn-Blanke"]
[PlyCount "95"]
[BlackFideId "24680052"]
[EventCountry "GER"]
[EventRounds "7"]
[EventType "team-swiss"]
[EventDate "2008.12.26"]

1. e4 c5 2. Nf3 d6 3. d4 cxd4 4. Nxd4 Nf6 5. Nc3 a6 6. Be2 b5 7. O-O e5 8. Nb3
Nbd7 9. a4 b4 10. Nd5 Nxd5 11. Qxd5 Nb6 12. Qd1 Bd7 13. a5 Nc8 14. Be3 Bc6 15.
Bf3 Be7 16. Nc1 Na7 17. Na2 Qxa5 18. Qd2 Bb5 19. Nxb4 Qc7 20. Nxa6 Qb7 21. Be2
Bxe2 22. Qxe2 O-O 23. Bxa7 Rxa7 24. b4 d5 25. exd5 Bxb4 26. Nxb4 Rxa1 27. Rxa1
Qxb4 28. Qxe5 Rd8 29. c3 Qb2 30. Re1 h6 31. d6 Qd2 32. g3 Rxd6 33. Qe3 Qxe3 34.
Rxe3 Rd1+ 35. Kg2 Rc1 36. Re8+ Kh7 37. Rc8 Kg6 38. h4 Kf6 39. f4 g5 40. Rc6+
Kf5 41. fxg5 hxg5 42. h5 Rc2+ 43. Kf3 g4+ 44. Ke3 Rg2 45. Rc5+ Ke6 46. Kf4 f5
47. Re5+ Kd6 48. Rxf5 1-0